| 000 | 00779cam a2200241 a 4500 | ||
|---|---|---|---|
| 001 | 12366188 | ||
| 005 | 20180302033852.0 | ||
| 008 | 010402s2002 caua b 001 0 eng | ||
| 010 | _a 2001026168 | ||
| 020 | _a0534534449 | ||
| 040 |
_aDLC _cDLC _dDLC |
||
| 041 | _aeng | ||
| 043 | _an-us--- | ||
| 080 | _a364 HAG | ||
| 082 | 0 | 0 |
_a364 HAG _221 |
| 100 | 1 | _a14 | |
| 101 | _aKRI | ||
| 245 | 1 | 0 |
_aIntroduction to criminology : _cFrank E. Hagan. |
| 504 | _aIncludes bibliographical references and indexes. | ||
| 906 |
_a7 _bcbc _corignew _d1 _eocip _f20 _gy-gencatlg |
||
| 942 |
_2ddc _cBK |
||
| 999 |
_c43927 _d43927 |
||